Management of human resources in public enterprises / (Record no. 30)
[ view plain ]
| 000 -LEADER | |
|---|---|
| fixed length control field | 00420cam a2200169ua 4500 |
| 082 ## - DEWEY DECIMAL CLASSIFICATION NUMBER | |
| Classification number | 658.3 |
| Item number | RAV/MA |
| 100 ## - MAIN ENTRY--AUTHOR NAME | |
| Personal name | Ravishankar, S . |
| 245 00 - TITLE STATEMENT | |
| Title | Management of human resources in public enterprises / |
| 250 ## - EDITION STATEMENT | |
| Edition statement | 1 / |
| 260 ## - PUBLICATION, DISTRIBUTION, ETC. (IMPRINT) | |
| Place of publication | : |
| Name of publisher | Viswas Book Pvt Ltd , |
| Year of publication | 1985. |
| 300 ## - PHYSICAL DESCRIPTION | |
| Number of Pages | 304 ; . |
| 650 ## - SUBJECT ADDED ENTRY--TOPICAL TERM | |
| Topical Term | Human resource management |
| 700 1# - ADDED ENTRY--PERSONAL NAME | |
| Personal name | Mishra, R K . |
| 942 ## - ADDED ENTRY ELEMENTS (KOHA) | |
| Koha item type | Books |
| 003 - CONTROL NUMBER IDENTIFIER | |
| control field | @ |
| 003 - CONTROL NUMBER IDENTIFIER | |
| control field | OSt |
| Withdrawn status | Lost status | Damaged status | Home library | Current library | Date acquired | Full call number | Accession Number | Koha item type |
|---|---|---|---|---|---|---|---|---|
| KAUAET | KAUAET | 07/04/2012 | 658.3 RAV/MA | 15935 | Books |
